A Raisin in the Sun With an Introduction / (Record no. 616741)

000 -LEADER
fixed length control field 00378nam a22001337a 4500
027 ## - STANDARD TECHNICAL REPORT NUMBER
Qualifying information HB.
040 ## - CATALOGING SOURCE
Transcribing agency FIZZA ISHAQ
082 ## - DEWEY DECIMAL CLASSIFICATION NUMBER
Classification number 812.54
Author Mark HAN
100 ## - MAIN ENTRY--PERSONAL NAME
Personal name Hansberry , Lorraine.
9 (RLIN) 133780
245 ## - TITLE STATEMENT
Title A Raisin in the Sun With an Introduction /
Statement of responsibility, etc. Lorraine Hansberry.
260 ## - PUBLICATION, DISTRIBUTION, ETC.
Place of publication, distribution, etc. New York:
Name of publisher, distributor, etc. Vintage Books,
Date of publication, distribution, etc. 1958.
300 ## - PHYSICAL DESCRIPTION
Extent 151 P. ;
Dimensions 6.8 X 4 X .5 inches
942 ## - ADDED ENTRY ELEMENTS (KOHA)
Source of classification or shelving scheme
Koha item type Book
Holdings
Withdrawn status Lost status Source of classification or shelving scheme Damaged status Not for loan Permanent Location Current Location Shelving location Date acquired Total Checkouts Full call number Barcode Date last seen Price effective from Koha item type
          NUST Baluchistan Campus (NBC) NUST Baluchistan Campus (NBC) General Stacks 03/30/2026   812.54 HAN QD-744 03/30/2026 03/30/2026 Book
© 2023 Central Library, National University of Sciences and Technology. All Rights Reserved.